Literal Translation of Country Names: Europe (with hints) - Statistics

General Stats
  • This quiz has been taken 36 times
  • The average score is 38 of 44
Answer Stats
Hint Answer % Correct
Lowlands N Netherlands
96%
Papal palace on the hill V Vatican City
96%
White Ruthenia B Belarus
93%
Bosna river and the Duke's land B Bosnia and Herzegovina
93%
Land of the Czechs C Czechia
93%
Home of warriors D Denmark
93%
Land of the Finns F Finland
93%
Land of the fierce F France
93%
Snow land I Iceland
93%
People from Rome R Romania
93%
Land of the Rus' R Russia
93%
Land of the Slovaks S Slovakia
93%
Land of the Slavs S Slovenia
93%
Land of the Swiss S Switzerland
93%
Land on the edge U Ukraine
93%
United countries U United Kingdom
93%
Land of the Belgae B Belgium
89%
Waterside dwellers E Estonia
89%
Ten arrows H Hungary
89%
Bright stone L Liechtenstein
89%
Little castle L Luxembourg
89%
Northern way N Norway
89%
People of the fields P Poland
89%
Land of Saint Marinus S San Marino
89%
Land of the people G Germany
86%
Land of the Ionians G Greece
86%
Land in the west I Ireland
86%
Shoreland L Lithuania
86%
Warm port P Portugal
86%
Land of the Svear S Sweden
86%
Land of eagles A Albania
82%
Shrub-covered land A Andorra
82%
Home of mixed tribes B Bulgaria
82%
Place of refuge M Malta
82%
Land of the black mountain M Montenegro
82%
On the mountain ridge C Croatia
79%
Sons of the bull I Italy
79%
Forest clearer L Latvia
79%
Dark river M Moldova
79%
Land of the men S Serbia
79%
East Mark A Austria
75%
Field of the blackbirds K Kosovo
75%
Land of tall people N North Macedonia
71%
Land of many rabbits S Spain
57%
No matching quizzes found
Score Distribution
Percent of People with Each Score
Percentile by Number Answered
Your Score History
You have not taken this quiz